[Event "Torino Province-ch"]
[Site "Torino"]
[Date "2010.03.09"]
[Round "5"]
[White "Collaro, Carlo"]
[Black "Monno, Luigi"]
[Result "1/2-1/2"]
[WhiteElo "1401"]
[BlackElo "1466"]
[PlyCount "63"]
[EventDate "2010.02.09"]
[EventType "swiss"]
[EventRounds "7"]
[EventCountry "ITA"]
[SourceTitle "EXT 2024"]
[Source "ChessBase"]
[SourceDate "2023.10.10"]
[SourceVersion "1"]
[SourceVersionDate "2023.10.10"]
[SourceQuality "1"]

1. d4 d5 2. Bf4 Nf6 3. Nf3 Bf5 4. Nbd2 e6 5. h3 c5 6. c3 Nc6 7. e3 c4 8. b3 cxb3 9. Qxb3 Qd7 10. Bb5 a6 11. Qa4 Bd6 12. Bxd6 Qxd6 13. Ne5 0-0 14. Bxc6 bxc6 15. Nxc6 Rfc8 16. Ne5 Rxc3 17. 0-0 Bd3 18. Rfc1 Bb5 19. Qa5 Ra3 20. Qc7 Qxc7 21. Rxc7 g6 22. Rxf7 Rf8 23. Rxf8+ Kxf8 24. Nb3 Ne4 25. Nc5 Nxc5 26. dxc5 Rc3 27. a4 Be8 28. c6 Bxc6 29. Nxc6 Rxc6 30. Kf1 h5 31. Ke2 Rc2+ 32. Ke1 1/2-1/2

[Event "Torino Province-ch"]
[Site "Torino"]
[Date "2010.02.09"]
[Round "1"]
[White "Monno, Luigi"]
[Black "Angioni, Gian Carlo"]
[Result "0-1"]
[WhiteElo "1466"]
[BlackElo "1841"]
[PlyCount "36"]
[EventDate "2010.02.09"]
[EventType "swiss"]
[EventRounds "7"]
[EventCountry "ITA"]
[SourceTitle "EXT 2024"]
[Source "ChessBase"]
[SourceDate "2023.10.10"]
[SourceVersion "1"]
[SourceVersionDate "2023.10.10"]
[SourceQuality "1"]

1. d4 d5 2. Nc3 Nf6 3. Nf3 e6 4. Bf4 Bb4 5. e3 Ne4 6. Qd3 0-0 7. a3 Bxc3+ 8. bxc3 c5 9. dxc5 Qa5 10. Be5 Nxc5 11. Qd4 Nc6 12. Qg4 Nxe5 13. Nxe5 Qxc3+ 14. Ke2 Qxa1 15. f4 b6 16. Nc6 Ba6+ 17. Kf2 Ne4+ 18. Kf3 Qd1+ 0-1